000 00510nam a2200145 a 4500
008 120416s1994 ||||||||||||||||| || u
020 _a0851989012
050 _aSB 404.9 Arm
100 _aArmitage, Allan M
245 1 0 _aOrnamental bedding plants
260 _aWallingford
_bCab International
_c1994
300 _avi, 175p. : ill.
350 _a0.00
995 _D0.00
_FCBU-MAIN LIBRARY (Kitwe)
_H2
_I14.95
_M2
_UAVAILABLE
_ZMain Library Open Access Collection
999 _c81699
_d81699